000 01027cam a2200241 i 4500
003 SA-RiAUC
005 20260317124102.0
008 260212s1931 ua g 00010 ara c
040 _aSA-RiAUC
_bara
_cSA-RiAUC
_erda
082 0 4 _a258.4
090 _aم ن 258.4
_bت ق ي
100 1 _aتقي الدين الحصني، أبو بكر بن محمد بن عبد المؤمن،
_d752-829 هجري
_eمؤلف.
245 1 0 _aدفع شبة من شبه وتمرد ونسب ذلك إلى السيد الجليل الإمام أحمد /
_cأبو بكر بن محمد تقي الدين الحصني.
264 1 _aالقاهرة :
_bدار إحياء الكتب العربية،
_c[1931]
300 _a127 صفحة ؛
_c29 سم
336 _aنص
_btxt
_2rdacontent
_3كتاب
337 _aبدون وسيط
_bn
_2rdamedia
338 _aمجلد
_bnc
_2rdacarrier
650 7 _aعلم الكلام
_2aucsh
650 7 _aالفقه الحنبلي
_2aucsh
942 _2ddc
_cRBOOK COPY
_n0
949 _aSA-JeALM
_d260212
_umohamedma123
_n1
999 _c14665
_d14665